Charlotte Hornets Playoffs Starters - Statistics

General Stats
  • This quiz has been taken 259 times
  • The average score is 11 of 33
Answer Stats
Player % Correct
Kemba Walker
98%
Larry Johnson
81%
Alonzo Mourning
78%
Glen Rice
66%
Muggsy Bogues
66%
Marvin Williams
58%
Gerald Wallace
54%
Baron Davis
51%
Eddie Jones
51%
Al Jefferson
48%
Stephen Jackson
46%
Michael Kidd-Gilchrist
36%
P.J. Brown
35%
Jamal Mashburn
31%
Gerald Henderson
27%
Vlade Divac
25%
Anthony Mason
24%
Kendall Gill
23%
David Wesley
21%
Raymond Felton
20%
Elden Campbell
16%
Frank Kaminsky
16%
Courtney Lee
15%
Hersey Hawkins
12%
Bobby Phills
11%
Boris Diaw
11%
Derrick Coleman
11%
Johnny Newman
9%
George Lynch
8%
David Wingate
6%
Josh McRoberts
6%
Theo Ratliff
5%
Ricky Pierce
3%
No matching quizzes found
Score Distribution
Percent of People with Each Score
Percentile by Number Answered
Your Score History
You have not taken this quiz